"Month" Revolutions - Statistics

General Stats
  • This quiz has been taken 20 times
  • The average score is 6 of 12
Answer Stats
Month Years Country % Correct
October 1917 Russia
94%
February 1917 Russia
89%
January 2011 Egypt
61%
November 1918 Germany
61%
December (Decembrist Revolt) 1825 Russia
61%
July 1830 France
56%
September 1870 France
56%
March 1848 German Union
56%
April 1978 Afghanistan
33%
May 1810 Argentina
28%
August 1945 Vietnam
28%
June 1924 Albania
6%
No matching quizzes found
Score Distribution
Percent of People with Each Score
Percentile by Number Answered
Your Score History
You have not taken this quiz